MARC

Tag First Indicator Second Indicator Subfields
LEADER 00000cam a2200000 a 4500
001 in00000030919
005 20151007054909.0
008 871231s1988 maua b 00110 eng
010 |a  87037848  
020 |a 0898382645 :  |c $39.95 
035 |a (OCoLC)17353514 
035 |9 AAB6562AM 
040 |a DLC  |c DLC  |d TXA  |d UtOrBLW 
049 |a TXAM  |c [A11522999] 
050 0 0 |a TK7871.95  |b .D58 1988 
082 0 |a 621.3815/284  |2 19 
100 1 |a Divekar, Dileep. 
245 1 0 |a FET modeling for circuit simulation /  |c Dileep Divekar. 
264 1 |a Boston :  |b Kluwer Academic Publishers,  |c [1988] 
264 4 |c ©1988 
300 |a 183 pages :  |b illustrations ;  |c 25 cm. 
336 |a text  |b txt  |2 rdacontent 
337 |a unmediated  |b n  |2 rdamedia 
338 |a volume  |b nc  |2 rdacarrier 
490 1 |a The Kluwer international series in engineering and computer sciences ;  |v SECS 48.  |a VLSI, computer architecture and digital signal processing 
504 |a Bibliography: pages [167]-179. 
500 |a Includes index. 
650 0 |a Field-effect transistors  |x Computer simulation. 
650 0 |a Field-effect transistors  |x Mathematical models. 
830 0 |a Kluwer international series in engineering and computer science ;  |v SECS 48. 
830 0 |a Kluwer international series in engineering and computer science.  |p VLSI, computer architecture, and digital signal processing. 
999 |a MARS 
999 f f |s cb2caed1-a17c-3a64-a16d-7188adeafdbe  |i bbd8ca1c-32c1-3261-98d0-7a5ba208a64a  |t 0 
952 f f |p ric  |a Texas A&M University  |b Rellis Campus  |c Joint Library Facility  |d Remote Storage  |t 0  |e TK7871.95 .D58 1988  |h Library of Congress classification  |i unmediated -- volume  |m A14811522999 
998 f f |a TK7871.95 .D58 1988  |t 0  |l Remote Storage